| 000 | 01368naa a22003497a 4500 | ||
|---|---|---|---|
| 001 | BR7000682 | ||
| 003 | BR-BrBNA | ||
| 005 | 20240918173412.0 | ||
| 007 | ta | ||
| 008 | 230509b bl.||||| |||| 00| 0 por d | ||
| 040 |
_aBR-BrBNA _bpor _cBiblioteca Nacional de Agricultura |
||
| 041 | _a(Pt) | ||
| 072 |
_aL10; L00 _b6100 _b9610 _b9705 |
||
| 090 | _aL10 BR7000682 | ||
| 100 | 1 | _aMendonca Junior, C.X. de | |
| 111 | 1 |
_a12. Congresso Brasileiro de Medicina Veterinaria _cPorto Alegre, RS (Brazil) _d23 Aug 1970 |
|
| 245 | 1 | _aEstudo comparativo de duas linhagens de aves especializadas para producao de carnes. 1 - Fertilidade e eclodibilidade relacionadas ao peso de ovos [Galinha para postura; Pinto; Indice de postura; Incubacao] | |
| 260 | 3 |
_aPorto Alegre, RS (Brasil): _c1970. |
|
| 500 | _aAnais do 12. Congresso Brasileiro de Medicina Veterinaria Porto Alegre, RS (Brasil): 1970. p. 313-323 (BR7000682-AM)L10 | ||
| 650 | _aGALINHA PARA POSTURA | ||
| 650 | _aPINTO | ||
| 650 | _aOVO | ||
| 650 | _aCARNE | ||
| 650 | _aFERTILIDADE ANIMAL | ||
| 650 | _aLINHAGEM | ||
| 650 | _aECLODIBILIDADE | ||
| 650 | _aINCUBACAO | ||
| 650 | _aINDICE DE POSTURA | ||
| 773 | 0 |
_tAnais do 12. Congresso Brasileiro de Medicina Veterinaria _wL10 BR7000682 _gPorto Alegre, RS (Brasil), 1970. p. 313-323 |
|
| 909 |
_a202404 _bLucia _c55 _dLucia Elande |
||
| 942 |
_cAM _2AGRIS |
||
| 999 |
_c304408 _d304408 |
||